Nuôi gà công nghiệp giống siêu trứng siêu thịt

Trình bày những điều căn bản về kỹ thuật nuôi gà công nghiệp

Saved in:
Bibliographic Details
Main Author: Việt Chương
Format: Book
Language:Undetermined
Published: Hà Nội Mỹ thuật 2012
Subjects:
Tags: Add Tag
No Tags, Be the first to tag this record!
Institutions: Trung tâm Học liệu Trường Đại học Cần Thơ
LEADER 00695nam a2200205Ia 4500
001 CTU_180750
008 210402s9999 xx 000 0 und d
020 |c 25000 
082 |a 636.5 
082 |b V308 
100 |a Việt Chương 
245 0 |a Nuôi gà công nghiệp giống siêu trứng siêu thịt 
245 0 |c Việt Chương, Phúc Quyên 
260 |a Hà Nội 
260 |b Mỹ thuật 
260 |c 2012 
520 |a Trình bày những điều căn bản về kỹ thuật nuôi gà công nghiệp 
650 |a Poultry,Chăn nuôi gia cầm 
650 |x Breeding 
980 |a Trung tâm Học liệu Trường Đại học Cần Thơ